Statistics for North American Pro Sports Teams

Click here to take the quiz!

General Stats

  • This quiz has been taken 321,123 times
    (130,753 since last reset)
  • The average score is 87 of 123

Answer Stats

League Team % Correct
Major League BaseballCincinnati Reds
94%
NHL HockeyWinnipeg Jets
89%
NFL FootballNew York Jets
89%
NFL FootballNew York Giants
89%
NFL FootballNew England Patriots
89%
Major League BaseballSan Francisco Giants
88%
Major League BaseballBoston Red Sox
86%
NFL FootballChicago Bears
85%
NFL FootballArizona Cardinals
84%
NBA BasketballLos Angeles Lakers
84%
Major League BaseballSt. Louis Cardinals
84%
NFL FootballDallas Cowboys
84%
Major League BaseballNew York Yankees
84%
NFL FootballSan Francisco 49ers
83%
Major League BaseballChicago White Sox
83%
NHL HockeyFlorida Panthers
83%
NFL FootballCarolina Panthers
83%
NFL FootballMiami Dolphins
83%
NFL FootballDetroit Lions
82%
NFL FootballPhiladelphia Eagles
82%
NFL FootballSeattle Seahawks
82%
NFL FootballLos Angeles Rams
81%
NFL FootballGreen Bay Packers
81%
NFL FootballCleveland Browns
81%
NFL FootballPittsburgh Steelers
81%
NBA BasketballBoston Celtics
81%
NBA BasketballGolden State Warriors
80%
NFL FootballAtlanta Falcons
80%
NFL FootballWashington Redskins
80%
NFL FootballDenver Broncos
80%
NHL HockeyLos Angeles Kings
79%
NFL FootballLas Vegas Raiders
79%
NBA BasketballSacramento Kings
79%
NBA BasketballMiami Heat
79%
NFL FootballHouston Texans
78%
NFL FootballMinnesota Vikings
78%
NBA BasketballChicago Bulls
78%
Major League BaseballChicago Cubs
77%
NFL FootballJacksonville Jaguars
77%
Major League BaseballTexas Rangers
77%
NFL FootballBaltimore Ravens
77%
NHL HockeyNew York Rangers
77%
NFL FootballLos Angeles Chargers
77%
NFL FootballNew Orleans Saints
76%
NBA BasketballCleveland Cavaliers
76%
NFL FootballCincinnati Bengals
76%
Major League BaseballOakland Athletics
76%
NFL FootballTampa Bay Buccaneers
75%
NBA BasketballAtlanta Hawks
75%
NBA BasketballBrooklyn Nets
75%
NFL FootballKansas City Chiefs
75%
NBA BasketballNew York Knicks
75%
NBA BasketballPhiladelphia 76ers
75%
Major League BaseballNew York Mets
74%
NFL FootballIndianapolis Colts
74%
NFL FootballTennessee Titans
74%
NFL FootballBuffalo Bills
74%
NBA BasketballLos Angeles Clippers
72%
NBA BasketballHouston Rockets
71%
Major League BaseballDetroit Tigers
71%
Major League BaseballLos Angeles Dodgers
71%
NBA BasketballUtah Jazz
70%
NBA BasketballToronto Raptors
70%
NBA BasketballSan Antonio Spurs
70%
NHL HockeyBoston Bruins
70%
NHL HockeyPittsburgh Penguins
70%
Major League BaseballToronto Blue Jays
70%
Major League BaseballHouston Astros
69%
NBA BasketballDallas Mavericks
69%
NBA BasketballDenver Nuggets
69%
NBA BasketballDetroit Pistons
69%
Major League BaseballAtlanta Braves
68%
Major League BaseballCleveland Indians
68%
NBA BasketballOklahoma City Thunder
68%
NBA BasketballOrlando Magic
68%
NBA BasketballWashington Wizards
68%
NBA BasketballPhoenix Suns
67%
NBA BasketballMilwaukee Bucks
67%
NBA BasketballMinnesota Timberwolves
67%
Major League BaseballLos Angeles Angels
67%
Major League BaseballPittsburgh Pirates
66%
NBA BasketballNew Orleans Pelicans
66%
Major League BaseballArizona Diamondbacks
65%
NBA BasketballCharlotte Hornets
65%
Major League BaseballBaltimore Orioles
65%
NHL HockeyChicago Blackhawks
65%
NHL HockeyToronto Maple Leafs
65%
Major League BaseballWashington Nationals
64%
Major League BaseballMiami Marlins
64%
NBA BasketballIndiana Pacers
64%
NBA BasketballPortland Trail Blazers
63%
Major League BaseballPhiladelphia Phillies
63%
NHL HockeyEdmonton Oilers
63%
NHL HockeyDetroit Red Wings
62%
Major League BaseballTampa Bay Rays
62%
NHL HockeyAnaheim Ducks
62%
Major League BaseballSeattle Mariners
62%
NHL HockeyMontreal Canadiens
62%
NHL HockeyVancouver Canucks
61%
Major League BaseballColorado Rockies
61%
NHL HockeyNew York Islanders
61%
Major League BaseballMinnesota Twins
61%
NHL HockeyWashington Capitals
61%
NHL HockeyDallas Stars
60%
NBA BasketballMemphis Grizzlies
60%
NHL HockeySan Jose Sharks
59%
NHL HockeySt. Louis Blues
59%
NHL HockeyPhiladelphia Flyers
59%
Major League BaseballMilwaukee Brewers
59%
Major League BaseballSan Diego Padres
58%
Major League BaseballKansas City Royals
58%
NHL HockeyOttawa Senators
56%
NHL HockeyCalgary Flames
55%
NHL HockeyColorado Avalanche
55%
NHL HockeyMinnesota Wild
55%
NHL HockeyTampa Bay Lightning
55%
NHL HockeyArizona Coyotes
54%
NHL HockeyNew Jersey Devils
53%
NHL HockeyNashville Predators
52%
NHL HockeyCarolina Hurricanes
52%
NHL HockeyColumbus Blue Jackets
51%
NHL HockeyBuffalo Sabres
51%
NHL HockeyVegas Golden Knights
50%

Score Distribution

Percentile by Number Answered

Percent of People with Each Score

Your Score History

You have not taken this quiz since the last reset